American Reality Shows & Talent Contests Quiz Stats

 Plays Quiz not verified by Sporcle

Challenge
Share
Tweet
Embed
Score 0/18 Timer 15:00
0 Plays Today
Hint Show % Correct
People lose weight to try and win $250,000The Biggest Loser
94.8%
Competition to find new solo singing talentAmerican Idol
90.3%
Dance show with celebrities and pro dancersDancing with the Stars
89%
Guy finds a girlThe Bachelor
86.5%
A race around the worldAmazing Race
86.5%
HouseGuests compete for $50,000Big Brother
85.2%
Cooking competition with a mad hostHell's Kitchen
83.9%
Women compete for the title of a modelAmerica's Next Top Model
82.6%
Girl finds a guyThe Bachelorette
81.9%
Hint Show % Correct
'The Ultimate Job Interview'The Apprentice
80%
Dance competition and reality showSo You Think You Can Dance
80%
British-owned American Talent CompetitionAmerica's Got Talent
76.1%
Hope you can stay 40 days and 40 nights on this showSurvivor
75.5%
Comedians try to win a Comedy Show on Comedy CentralLast Comic Standing
65.2%
A show to try and find a good dance crewAmerica's Best Dance Crew
55.5%
Winner gets their own cooking showThe Next Food Network Star
38.7%
Contestants take on challenges on an Asian showI Survived a Japanese Game Show
28.4%
Contestants kept in solitary confinementSolitary
25.8%

You're not logged in!

Compare scores with friends on all Sporcle quizzes.
OR
Log In

You Might Also Like...

Show Comments

Extras

Top Quizzes Today


Score Distribution

Your Account Isn't Verified!

In order to create a playlist on Sporcle, you need to verify the email address you used during registration. Go to your Sporcle Settings to finish the process.

Report this User

Report this user for behavior that violates our Community Guidelines.

Details: